000 00569nam a2200193Ia 4500
008 140925s9999 xx 000 0 und d
020 _a1466-7657
100 _aTurale, Sue.
245 _aInternational Nursing Review /
_cSue Turale.
_h[electronic resource]
260 _bJohn Wiley & Sons, Inc.,
_cc2013.
516 _aElectronic text
650 _aJournal.
650 _aNursing.
650 _aReview.
830 _aJohn Wiley & Sons, Inc.
856 _uhttp://onlinelibrary.wiley.com/journal/10.1111/%28ISSN%291466-7657
942 _cEJ
999 _c275670
_d275670